| 000 | 00352nam a2200133Ia 4500 | ||
|---|---|---|---|
| 005 | 20260328104320.0 | ||
| 008 | 260328s9999||||xx |||||||||||||| ||und|| | ||
| 100 | _aSanmartĂn, A | ||
| 245 | 0 |
_aVenturi, Rauch & Scott Brown. Obras y Proyectos 1959-1985 / _cA SanmartĂn |
|
| 260 | _bGustavo Gili | ||
| 300 | _a143 p. | ||
| 650 | _aVENTURI | ||
| 942 | _cBK | ||
| 999 |
_c11309 _d11309 |
||